000 00716nam a2200253Ia 4500
003 OSt
005 20221007111928.0
006 a|||||r|||| 00| 0
007 ta
008 221006b |||||||| |||| 00| 0 eng d
020 _a9780198063476
024 _a24,569
037 _cTextual
040 _aLCO
_cLCO
_beng
041 _2eng
_aeng
082 _aLOaZ, Q0
100 _aKoley Tapas Kumar
_9708633
245 0 _aMedical Negligence and the Law in India
_b Duties, Responsibilities, Rights
260 _aNew
_bDelhi Oxford University Press India
_c2010
300 _a444
650 _aMEDICAL NEGLIGENCE
942 _hLOaZ, Q0
_cTEXL
999 _c1194132
_d1194132